<?xml version="1.0" encoding="UTF-8"?>
<collection xmlns="http://www.loc.gov/MARC21/slim">
<record>
  <controlfield tag="001">79739</controlfield>
  <controlfield tag="005">20230926093528.0</controlfield>
  <datafield tag="024" ind1="7" ind2=" ">
    <subfield code="2">doi</subfield>
    <subfield code="a">10.9734/ejmp/2019/v27i430120</subfield>
  </datafield>
  <datafield tag="024" ind1="8" ind2=" ">
    <subfield code="2">sideral</subfield>
    <subfield code="a">112605</subfield>
  </datafield>
  <datafield tag="037" ind1=" " ind2=" ">
    <subfield code="a">ART-2019-112605</subfield>
  </datafield>
  <datafield tag="041" ind1=" " ind2=" ">
    <subfield code="a">eng</subfield>
  </datafield>
  <datafield tag="100" ind1=" " ind2=" ">
    <subfield code="a">Chakradhari, Suryakant</subfield>
  </datafield>
  <datafield tag="245" ind1=" " ind2=" ">
    <subfield code="a">Nutritional and spectral characteristics of Terminalia plants</subfield>
  </datafield>
  <datafield tag="260" ind1=" " ind2=" ">
    <subfield code="c">2019</subfield>
  </datafield>
  <datafield tag="506" ind1="0" ind2=" ">
    <subfield code="a">Access copy available to the general public</subfield>
    <subfield code="f">Unrestricted</subfield>
  </datafield>
  <datafield tag="520" ind1="3" ind2=" ">
    <subfield code="a">Aims: Terminalia spp. is medicinal plants that belong to Combretaceae family, widely used in traditional Ayurvedic medicine. In this work, the nutritional constituents of the leaves, seed kernel and seed coat from four Terminalia species (T. arjuna, T. bellirica, T. catappa and T. chebula) are reported.

Methodology: Polyphenol and flavonoid contents were analyzed spectrophotometrically by using Folin-Ciocalteu and aluminum chloride as reagents, respectively; mineral contents were quantified by using X-ray fluorescence; and the functional groups of the phytochemicals were investigated by infrared spectroscopy.

Results: The total concentration of 20 macro- and micronutrients and heavy metals (viz. P, S, Cl, K, Rb, Mg, Ca, Sr, Ba, Al, Ti, Cr, Mn, Fe, Co, Cu, Zn, Mo, As and Pb), and the total polyphenol and flavonoid contents in the seed kernels ranged from 1754 to 65521 mg/kg, from 2150 to 51100 mg/kg and from 63 to 42300 mg/kg, respectively. Polyphenol and mineral contents for the Terminalia spp. seed coats and leaves were also determined. The enrichment in each of aforementioned elements with respect to the soil content was calculated. The vibrational spectra of the leaves and seed coats agreed with a composition rich in lignin, hemicellulose, cutin, pectin and flavonoids, while those of the seed kernels were in accordance with the presence of unsaturated oils, protein, and fiber.

Conclusion: Various parts of the four Terminalia species under study (T. arjuna, T. bellirica, T. catappa and T. chebula) featured high contents of nutrients and polyphenols needed for biological metabolism and human health. In addition, heavy metals were only present at traces level, indicating that these Terminalia plants would be safe for medicinal uses.</subfield>
  </datafield>
  <datafield tag="540" ind1=" " ind2=" ">
    <subfield code="9">info:eu-repo/semantics/openAccess</subfield>
    <subfield code="a">by</subfield>
    <subfield code="u">http://creativecommons.org/licenses/by/3.0/es/</subfield>
  </datafield>
  <datafield tag="655" ind1=" " ind2="4">
    <subfield code="a">info:eu-repo/semantics/article</subfield>
    <subfield code="v">info:eu-repo/semantics/publishedVersion</subfield>
  </datafield>
  <datafield tag="700" ind1=" " ind2=" ">
    <subfield code="a">Rajhans, Keshaw P.</subfield>
  </datafield>
  <datafield tag="700" ind1=" " ind2=" ">
    <subfield code="a">Patel, Khageshwar S.</subfield>
  </datafield>
  <datafield tag="700" ind1=" " ind2=" ">
    <subfield code="a">Towett, Erick K.</subfield>
  </datafield>
  <datafield tag="700" ind1=" " ind2=" ">
    <subfield code="a">Martín Gil, Jesús</subfield>
  </datafield>
  <datafield tag="700" ind1=" " ind2=" ">
    <subfield code="a">Martín Ramos, Pablo</subfield>
    <subfield code="u">Universidad de Zaragoza</subfield>
    <subfield code="0">(orcid)0000-0003-2713-2786</subfield>
  </datafield>
  <datafield tag="710" ind1="2" ind2=" ">
    <subfield code="1">5011</subfield>
    <subfield code="2">500</subfield>
    <subfield code="a">Universidad de Zaragoza</subfield>
    <subfield code="b">Dpto. CC.Agrar.y Medio Natural</subfield>
    <subfield code="c">Area Ingeniería Agroforestal</subfield>
  </datafield>
  <datafield tag="773" ind1=" " ind2=" ">
    <subfield code="g">27, 4 (2019), 1-13</subfield>
    <subfield code="p">European j. med. plants</subfield>
    <subfield code="t">European journal of medicinal plants</subfield>
    <subfield code="x">2231-0894</subfield>
  </datafield>
  <datafield tag="856" ind1="4" ind2=" ">
    <subfield code="s">615214</subfield>
    <subfield code="u">http://zaguan.unizar.es/record/79739/files/texto_completo.pdf</subfield>
    <subfield code="y">Versión publicada</subfield>
  </datafield>
  <datafield tag="856" ind1="4" ind2=" ">
    <subfield code="s">74913</subfield>
    <subfield code="u">http://zaguan.unizar.es/record/79739/files/texto_completo.jpg?subformat=icon</subfield>
    <subfield code="x">icon</subfield>
    <subfield code="y">Versión publicada</subfield>
  </datafield>
  <datafield tag="909" ind1="C" ind2="O">
    <subfield code="o">oai:zaguan.unizar.es:79739</subfield>
    <subfield code="p">articulos</subfield>
    <subfield code="p">driver</subfield>
  </datafield>
  <datafield tag="951" ind1=" " ind2=" ">
    <subfield code="a">2023-09-26-09:29:41</subfield>
  </datafield>
  <datafield tag="980" ind1=" " ind2=" ">
    <subfield code="a">ARTICLE</subfield>
  </datafield>
</record>
</collection>